Hausdorff compactifications
Αποθηκεύτηκε σε:
| Κύριος συγγραφέας: | |
|---|---|
| Μορφή: | Βιβλίο |
| Γλώσσα: | English |
| Δημοσίευση: |
New York :
M. Dekker,
c1976
|
| Σειρά: | Lecture notes in pure and applied mathematics ;
; 23 |
| Θέματα: | |
| Ετικέτες: |
Προσθήκη ετικέτας
Δεν υπάρχουν, Καταχωρήστε ετικέτα πρώτοι!
|
MARC
| LEADER | 00000nam a2200000 i 4500 | ||
|---|---|---|---|
| 001 | 1/52122 | ||
| 008 | 941103s1976 eng d | ||
| 020 | |a 0824765591 | ||
| 035 | |l 10044334 | ||
| 040 | |a GR-MY-UA |b gre |e aacr | ||
| 041 | 0 | |a eng | |
| 082 | 0 | |a 514.322 | |
| 100 | 1 | |a Chandler, Richard Edward |d 1937- | |
| 245 | 1 | 0 | |a Hausdorff compactifications / |c Richard E. Chandler |
| 260 | |a New York : |b M. Dekker, |c c1976 | ||
| 300 | |a vii, 146 σ.; |c 26 εκ. | ||
| 490 | 1 | |a Lecture notes in pure and applied mathematics |v ; 23 | |
| 504 | |a Βιβλιογραφία: σ. 99-140. Ευρετήριο | ||
| 650 | 0 | 0 | |a Hausdorff compactifications. |
| 830 | 0 | |a Lecture notes in pure and applied mathematics ; |v ; 23 | |
| 852 | |a INST |b SAMOS |e 19941103 |h 514.322 CHA |p 005300001686 |q 005300001686 |t BK |y 4 |x 20200214 | ||
| 909 | |a Σ |b 010172 | ||